Environmental analysis and technology for the refining industry
Αποθηκεύτηκε σε:
| Κύριος συγγραφέας: | |
|---|---|
| Μορφή: | Βιβλίο |
| Γλώσσα: | English |
| Δημοσίευση: |
Hoboken :
Wiley-Interscience,
2005
|
| Σειρά: | Chemical analysis ;
; 168 |
| Θέματα: | |
| Ετικέτες: |
Προσθήκη ετικέτας
Δεν υπάρχουν, Καταχωρήστε ετικέτα πρώτοι!
|
MARC
| LEADER | 00000nam a2200000 i 4500 | ||
|---|---|---|---|
| 001 | 1/82447 | ||
| 008 | 080415s2005 eng d | ||
| 020 | |a 978-0-471-67942-4 | ||
| 020 | |a 0-471-67942-9 | ||
| 035 | |l 10096667 | ||
| 040 | |a GR-MY-UA |b gre |e aacr | ||
| 041 | 0 | |a eng | |
| 082 | 0 | |a 665.538 |2 (22) | |
| 100 | 1 | |a Speight, J. G. | |
| 245 | 1 | 0 | |a Environmental analysis and technology for the refining industry / |c J. G. Speight |
| 260 | |a Hoboken : |b Wiley-Interscience, |c 2005 | ||
| 300 | |a xii, 349 σ.; |b πίν., σχ.; |c 24 εκ. | ||
| 490 | 1 | |a Chemical analysis |v ; 168 | |
| 504 | |a Ευρετήριο: σ. 343-349 | ||
| 650 | 0 | 0 | |a Petroleum refineries |x Waste disposal |x Environmental aspects. |
| 650 | 0 | 0 | |a Petroleum waste |x Management. |
| 830 | 0 | |a Chemical analysis ; |v ; 168 | |
| 852 | |a INST |b LESVOS |e 20080415 |h 665.538 SPE |p 005100042468 |q 005100042468 |t BK |y 0 | ||
| 901 | |a BIBL1-2008-1 | ||
| 909 | |a Λ |b 144166 | ||
| 922 | |a 1ΕΛΗ |b 200801 |c ΕΠΕΑΕΚ2/ΤΠ |d ΠΑΠΑΣΩΤΗΡΙΟΥ | ||
| 970 | |a ΧΑΤΖΗΜΙΧΑΗΛ |b ΜΑΡΙΑ |z 2008/04/15 | ||